000
00317nam a2200157Ia 4500
100
_a
Chetan Bhagat
650
_a
General
942
_c
BK
366
_f
20
654
_a
call centre
245
_a
One night @the call centre
260
_b
Penquin books
_c
2005
300
_a
289
546
_a
ENGLISH
999
_c
20247
_d
20247